| 000 | 00516nam a22001817a 4500 | ||
|---|---|---|---|
| 003 | CEME | ||
| 005 | 20210628202232.0 | ||
| 008 | 210317b xxu||||| |||| 00| 0 eng d | ||
| 020 | _a0-13-638990-2 | ||
| 040 | _c. | ||
| 082 | _a621.38152 PEY'I | ||
| 100 |
_aMysyrowicz, Andre Peyghambaria, Naseer Koch, Stephen W _958919 |
||
| 245 | _aIntroduction to semiconductor optics | ||
| 260 |
_aNEWJERSCY _bPRENTICE HALL _c1993 |
||
| 300 | _a485P | ||
| 650 |
_aSEMICONDUCTORS OPTICAL PROPERTIES _958920 |
||
| 942 |
_cBK _2ddc |
||
| 999 |
_c568994 _d568994 |
||